Taylor Swift - Paroles Shake It Off - Statistiques

Statistiques générales
  • Ce quiz a été pris 949 fois
    480 depuis la dernière actualisation
  • Le résultat moyen est 400 sur 500
Statistiques - réponses
Hint Réponse % Correct
etc, etc.
100%
Couplet 1 | Couplet 2 | Post-refrain I
100%
I,
100%
(hoo
99%
hoo)
99%
"Oh
99%
oh,
99%
oh
99%
(mmm)
98%
mm-mm
98%
go
96%
go)
96%
it
96%
to
96%
a
95%
my
95%
Bridge My
95%
of
95%
shake,
95%
shake
95%
Shake
95%
off,
93%
off
93%
in
92%
the
90%
too
90%
late
89%
say,
89%
gonna
88%
be
87%
brain
87%
Got
87%
got
87%
nothing
87%
people
87%
That's
87%
that's
87%
I'm
86%
But
85%
but
85%
what
85%
And
84%
and
84%
(and
84%
can
84%
just
84%
Just
84%
on
83%
alright
81%
can't
81%
Can't
81%
many
81%
It's
79%
it's
79%
play,
79%
play
79%
stay
79%
stop,
79%
stop
79%
mind
78%
this
78%
dates
77%
hate,
77%
hate
77%
hate)
77%
haters
76%
(haters
76%
like
76%
like,
76%
keep
75%
music
75%
Refrain 'Cause
73%
make
73%
players
73%
won't
70%
Won't
70%
movin'
69%
new
68%
girlfriend
67%
God!"
67%
they
67%
see,
66%
At
65%
out
65%
Baby,
64%
baby?
64%
Sayin'
64%
beat
63%
You
63%
you
63%
his
61%
ex-man
60%
don't
59%
She's
58%
Interlude Hey,
57%
hey,
57%
hey
57%
know,
57%
least
57%
break,
55%
break
55%
dancin'
55%
(dancin'
55%
own
55%
own)
55%
brought
54%
good
54%
there
54%
feet
53%
over
53%
over,
53%
hair
52%
fake,
51%
fake
51%
fake)
51%
sick
51%
fakers
50%
with
49%
cruisin'
48%
dirty,
47%
dirty
47%
down
47%
never
47%
We
47%
world
47%
come
46%
miss
44%
hella
43%
'em
42%
fella
42%
groovin'
42%
(yeah)
42%
Yeah,
42%
liars
41%
about
38%
gettin'
37%
Heartbreakers
37%
been
36%
up
36%
think,
35%
moves
34%
(moves
34%
as
31%
you've
27%
cheats
25%
could've
25%
lightnin'
19%
while
19%
Aucun quiz correspondant
Distribution des résultats
% des personnes avec chaque résultat
Percentile par nombre de réponses
Votre historique - résultats
Vous n’avez pas pris ce quiz depuis la dernière actualisation